[Event "Open Nuevo Centro. Jornada 3"]
[Site "Chess.com"]
[Date "2020.07.03"]
[Round "9"]
[White "Donate Moreno, Silvia"
[Black "Perez Garcia, Jose Miguel"
[Result "0-1"]
[WhiteElo "1804"]
[BlackElo "2129"]
[PlyCount "104"]
[EventDate "2020.??.??"]
1. e4 e5 2. Nf3 d6 3. d4 exd4 4. Nxd4 Nf6 5. Nc3 g6 6. Be2 Bg7 7. Be3 O-O 8. f3
Re8 9. O-O d5 10. Bd3 c5 11. Bg5 cxd4 12. Nxd5 Nbd7 13. Bb5 a6 14. Bxd7 Bxd7
15. Qxd4 Re6 16. e5 Bc6 17. exf6 Bxd5 18. c4 Bc6 19. Qxd8+ Rxd8 20. fxg7 Rde8
21. Rad1 Kxg7 22. Rd2 h6 23. Bh4 g5 24. Bf2 Re2 25. Bd4+ Kg6 26. Rfd1 f5 27.
Kf1 R2e6 28. Bc3 h5 29. Rd6 g4 30. Rxe6+ Rxe6 31. fxg4 hxg4 32. Kf2 Kg5 33. Rd8
f4 34. Rg8+ Kf5 35. Rf8+ Ke4 36. Rd8 Kf5 37. Rd4 f3 38. gxf3 Bxf3 39. Bd2 Re2+
40. Kg1 Rg2+ 41. Kf1 Rxh2 42. Rf4+ Ke5 43. Rf8 Ke4 44. Rd8 Rh1+ 45. Kf2 Rh2+
46. Kf1 g3 47. Re8+ Kd4 48. Be3+ Kxc4 49. Rf8 Bc6 50. Rf4+ Kd3 51. Bg1 Rxb2 52.
a3 Rb1# 0-1

[Event "Open Nuevo Centro. Jornada 3"]
[Site "Chess.com"]
[Date "2020.07.03"]
[Round "9"]
[White "Luque Saiz, Andr�s"
[Black "Gerona Maura, Jesus"
[Result "1-0"]
[WhiteElo "1967"]
[BlackElo "1817"]
[PlyCount "71"]
[EventDate "2020.??.??"]
1. e4 e5 2. Nf3 Nc6 3. d4 exd4 4. Bc4 Nf6 5. Ng5 d5 6. exd5 Qe7+ 7. Kf1 Ne5 8.
Qxd4 h6 9. Ne4 Nxc4 10. Nxf6+ Qxf6 11. Qxc4 Be7 12. Nc3 O-O 13. Be3 Bf5 14. Qe2
Bb4 15. Nd1 Rfe8 16. c3 Bd6 17. Qd2 Qg6 18. f3 Bd3+ 19. Kf2 Bc5 20. Re1 Bd6 21.
g3 b6 22. Kg2 Bf5 23. Nf2 h5 24. Bf4 h4 25. Bxd6 cxd6 26. Rxe8+ Rxe8 27. Re1
Rd8 28. Qf4 hxg3 29. hxg3 Bc2 30. Re7 Qf5 31. Qxf5 Bxf5 32. Rxa7 Rc8 33. g4 Bg6
34. Ne4 Rc4 35. Nxd6 Rc5 36. c4 1-0

[Event "Open Nuevo Centro. Jornada 3"]
[Site "Chess.com"]
[Date "2020.07.03"]
[Round "9"]
[White "Sanchez Saez, Francisco"
[Black "M�ndez Gim�nez , N�stor Emmanuel"
[Result "1-0"]
[WhiteElo "2152"]
[BlackElo "1143"]
[PlyCount "95"]
[EventDate "2020.??.??"]
1. e4 e6 2. b3 Qf6 3. Nc3 Bc5 4. Nf3 g5 5. d4 g4 6. e5 Qg7 7. dxc5 gxf3 8. Qxf3
h6 9. Qg3 Qxg3 10. hxg3 Nc6 11. f4 b6 12. Ne4 Bb7 13. Bd3 O-O-O 14. Be3 Nb4 15.
Ke2 Nxd3 16. cxd3 bxc5 17. Bxc5 f5 18. Nc3 Bxg2 19. Rh2 Bb7 20. Bxa7 Ne7 21.
Rc1 Nc6 22. Be3 h5 23. Na4 d6 24. d4 dxe5 25. dxe5 Nd4+ 26. Bxd4 Rxd4 27. Nc5
Rb4 28. Nxe6 Ba6+ 29. Ke3 Re4+ 30. Kf3 Rb4 31. Nxc7 Kb7 32. Nd5 Rd4 33. Rc5 Rd8
34. Ne3 Rd3 35. Rxh5 Rxe3+ 36. Kxe3 Rd3+ 37. Kf2 Rd2+ 38. Ke1 Re2+ 39. Kd1 Rf2
40. Rh7+ Kb6 41. b4 Be2+ 42. Ke1 Rg2 43. a4 Bd3 44. Rcc7 Re2+ 45. Kd1 Bc2+ 46.
Kxe2 Bd3+ 47. Kxd3 Ka6 48. Rh6# 1-0

[Event "Open Nuevo Centro. Jornada 3"]
[Site "Chess.com"]
[Date "2020.07.03"]
[Round "9"]
[White "Mart�nez Carvajal, Juan Francisco"
[Black "Deusa Ballesteros, Luis Miguel"
[Result "0-1"]
[WhiteElo "1719"]
[BlackElo "1543"]
[PlyCount "102"]
[EventDate "2020.??.??"]
1. Nf3 Nf6 2. c4 g6 3. b4 Bg7 4. Bb2 d6 5. g3 O-O 6. Bg2 Nbd7 7. d4 Ne4 8. O-O
c5 9. bxc5 dxc5 10. Nc3 cxd4 11. Nxd4 Nxc3 12. Bxc3 Nc5 13. Rb1 Rb8 14. Nb5 a6
15. Bxg7 Kxg7 16. Nc3 e5 17. Nd5 Be6 18. Qc2 Bxd5 19. cxd5 Qd6 20. e4 Rbc8 21.
Qb2 b5 22. Qa3 Nxe4 23. Qxd6 Nxd6 24. Rbc1 f5 25. Rc6 Rxc6 26. dxc6 Rc8 27. Bd5
Kf6 28. Rc1 e4 29. c7 Ke5 30. Bb3 a5 31. a4 b4 32. Rc5+ Kf6 33. Rxa5 Rxc7 34.
Ra6 Ke7 35. Rb6 Rb7 36. a5 Rxb6 37. axb6 Nb7 38. Bg8 Kd6 39. Kf1 Ke5 40. Ke2 h6
41. Kd2 g5 42. Kc2 f4 43. Kb3 e3 44. gxf4+ gxf4 45. fxe3 fxe3 46. Bc4 Na5+ 47.
Kxb4 Nb7 48. Be2 Kd6 49. Kb5 Nc5 50. Bf3 Nd7 51. b7 Kc7 0-1

[Event "Open Nuevo Centro. Jornada 3"]
[Site "Chess.com"]
[Date "2020.07.03"]
[Round "9"]
[White "Fern�ndez Martin, Carlos"
[Black "Tormos Beltran, Maite"
[Result "1-0"]
[WhiteElo "1613"]
[BlackElo "1432"]
[PlyCount "101"]
[EventDate "2020.??.??"]
1. e4 d5 2. exd5 Qxd5 3. Nc3 Qd6 4. Bc4 Be6 5. d3 Bxc4 6. dxc4 Qc6 7. Be3 Qxg2
8. Qf3 Qxf3 9. Nxf3 c6 10. O-O-O e6 11. Ne5 Be7 12. Ne4 f6 13. Nf3 Na6 14. Rd3
Nh6 15. Rhd1 Nf5 16. Bf4 e5 17. Bg3 Nxg3 18. Nxg3 Rd8 19. Nh4 Rxd3 20. Rxd3 Nb4
21. Rb3 b6 22. a3 Na6 23. Ngf5 Nc5 24. Nxg7+ Kf7 25. Rg3 Ne4 26. Rg2 Nxf2 27.
Nhf5 Ne4 28. Nh6+ Kf8 29. Ne6+ Ke8 30. Nc7+ Kd7 31. Na6 c5 32. Rg7 Re8 33. Rxh7
Ng5 34. Rg7 Ne6 35. Rf7 Kc6 36. Nf5 Ng5 37. Nxe7+ Kb7 38. Rxf6 Kxa6 39. Nd5 e4
40. Nc7+ Kb7 41. Nxe8 e3 42. Kd1 Kc8 43. Ke2 Kd8 44. h4 Nh7 45. Rh6 Kxe8 46.
Rxh7 Kf8 47. Rxa7 Kg8 48. Rb7 Kh8 49. Rxb6 Kg8 50. Rc6 Kh8 51. Rxc5 1-0

[Event "Open Nuevo Centro. Jornada 3"]
[Site "Chess.com"]
[Date "2020.07.03"]
[Round "9"]
[White "Macias Pino, Diego"
[Black "Cruz LLedo, Pablo"
[Result "0-1"]
[WhiteElo "2208"]
[BlackElo "2496"]
[PlyCount "96"]
[EventDate "2020.??.??"]
1. e4 g6 2. Nc3 Bg7 3. d4 f6 4. f4 Nh6 5. Bc4 Nf7 6. Nf3 e6 7. O-O O-O 8. Bb3
a5 9. a3 c6 10. f5 d5 11. fxe6 Bxe6 12. exd5 Bxd5 13. Nxd5 cxd5 14. Bf4 Nc6 15.
c3 Kh8 16. Bg3 a4 17. Ba2 b5 18. Ne1 Na5 19. Nd3 Nc4 20. Nf4 Qd7 21. Bxc4 dxc4
22. Qf3 Rae8 23. Rae1 Ng5 24. Qd5 Qg4 25. Qxb5 Ne4 26. Qxa4 Nxg3 27. hxg3 Rxe1
28. Rxe1 Qxg3 29. Rf1 Bh6 30. Nh3 g5 31. Qxc4 g4 32. Nf2 Be3 33. Qe6 Qf4 34.
Qe7 Rg8 35. Kh1 Qh6+ 36. Nh3 gxh3 37. g3 Bg5 38. Kh2 Qg6 39. Qe2 Re8 40. Qf2
Qd3 41. Re1 Rb8 42. Re2 Kg7 43. Kxh3 h5 44. Kh2 h4 45. gxh4 Rh8 46. Re7+ Kf8
47. Ra7 Rxh4+ 48. Kg1 Be3 0-1

[Event "Open Nuevo Centro. Jornada 3"]
[Site "Chess.com"]
[Date "2020.07.03"]
[Round "9"]
[White "Valverde Caballero, Rafael"
[Black "Chofre Murcia, Adri�n"
[Result "1-0"]
[WhiteElo "1879"]
[BlackElo "1677"]
[PlyCount "107"]
[EventDate "2020.??.??"]
1. c4 e5 2. Nc3 d6 3. Nf3 Be7 4. e4 Nf6 5. d4 Bg4 6. d5 Nbd7 7. b4 O-O 8. Bd3
c6 9. h3 Bh5 10. g4 Bg6 11. g5 Nh5 12. h4 Nb6 13. a3 cxd5 14. cxd5 Qc7 15. Bd2
Nc4 16. Qe2 Nxd2 17. Qxd2 Rac8 18. Ne2 Qb6 19. Qe3 Qxe3 20. fxe3 Rc7 21. Kd2
Rfc8 22. Rhc1 Rxc1 23. Rxc1 Rxc1 24. Kxc1 f5 25. exf5 Bf7 26. e4 a6 27. Kc2 Be8
28. Kb3 Bd8 29. a4 g6 30. f6 Kf7 31. b5 a5 32. Nd2 Bb6 33. Nc4 Bc7 34. b6 Bd8
35. Nxd6+ Kf8 36. Nxb7 Bxb6 37. Bb5 Bxb5 38. axb5 Nf4 39. Nc3 Nd3 40. Na4 Bc7
41. d6 Bb8 42. d7 Bc7 43. d8=Q+ Bxd8 44. Nxd8 Ke8 45. f7+ Kf8 46. Nb6 Nf2 47.
Nd7+ Ke7 48. f8=Q+ Kxd7 49. Nf7 Nxe4 50. Nxe5+ Ke6 51. Qe8+ Kf5 52. b6 Nc5+ 53.
Ka3 Nb7 54. Qc8+ 1-0

[Event "Open Nuevo Centro. Jornada 3"]
[Site "Chess.com"]
[Date "2020.07.03"]
[Round "9"]
[White "Gil L�pez, Alejandro"
[Black "Valma�a Cant�, Jaime"
[Result "0-1"]
[WhiteElo "2153"]
[BlackElo "2408"]
[PlyCount "90"]
[EventDate "2020.??.??"]
1. e4 e6 2. Nf3 d5 3. exd5 exd5 4. d4 Bd6 5. Bd3 Nc6 6. O-O Nge7 7. c3 Bf5 8.
Re1 Qd7 9. a4 f6 10. b4 O-O 11. Na3 Rae8 12. Nc2 Bxd3 13. Qxd3 Qf5 14. Qxf5
Nxf5 15. Ne3 Nxe3 16. Bxe3 a5 17. b5 Nb8 18. Nh4 g6 19. Bh6 Rxe1+ 20. Rxe1 Rc8
21. f4 Kf7 22. Nf3 Nd7 23. h4 Nb6 24. Ra1 Re8 25. Kf2 Nc4 26. h5 Re4 27. hxg6+
hxg6 28. f5 g5 29. Bxg5 fxg5 30. Nxg5+ Kf6 31. Nxe4+ dxe4 32. g4 Kg5 33. Rg1
Bf4 34. Rg2 Ne3 35. Rg1 Nxg4+ 36. Ke2 Kxf5 37. Rh1 Nf6 38. c4 Bg5 39. Rf1+ Kg6
40. d5 Nh5 41. Rd1 Kf5 42. d6 Nf4+ 43. Kf1 cxd6 44. Rxd6 e3 45. Rd4 e2+ 0-1

[Event "Open Nuevo Centro. Jornada 3"]
[Site "Chess.com"]
[Date "2020.07.03"]
[Round "9"]
[White "Valverde Alcaide, Miguel Alejandro"
[Black "Ainsa Jimenez, Lucas"
[Result "0-1"]
[WhiteElo "854"]
[BlackElo "1005"]
[PlyCount "76"]
[EventDate "2020.??.??"]
1. e4 e5 2. Nf3 Nc6 3. d4 exd4 4. Nxd4 Nxd4 5. Qxd4 Nf6 6. e5 Ng8 7. Bc4 Qe7 8.
O-O b6 9. Re1 Bb7 10. Rd1 O-O-O 11. Nc3 Kb8 12. Nd5 Qe6 13. Nf4 Qg4 14. Be3 g5
15. h3 Qf5 16. f3 gxf4 17. Bd3 Qe6 18. Qxf4 Bh6 19. Bc4 Bxf4 20. Bxe6 Bxe3+ 21.
Kh1 fxe6 22. Re1 Bd4 23. Rad1 Bxb2 24. Kh2 Nh6 25. Kg3 Nf5+ 26. Kh2 Rhg8 27.
Re4 Bc3 28. Rg4 Rxg4 29. hxg4 Ne3 30. Rh1 Bb4 31. Kg3 Bc3 32. Kf2 Nxc2 33. Rxh7
Bxe5 34. Ke2 Nd4+ 35. Ke3 Nc2+ 36. Kd3 Nb4+ 37. Ke3 Nxa2 38. Rf7 Nb4 0-1

[Event "Open Nuevo Centro. Jornada 3"]
[Site "Chess.com"]
[Date "2020.07.03"]
[Round "9"]
[White "Salvador Buiza, Victor"
[Black "Bercaru, Vlad Ionut"
[Result "0-1"]
[WhiteElo "1824"]
[BlackElo "1971"]
[PlyCount "150"]
[EventDate "2020.??.??"]
1. e4 c5 2. Nf3 Nc6 3. Bb5 Nf6 4. e5 Nd5 5. O-O a6 6. Bxc6 dxc6 7. c3 Bg4 8. h3
Bh5 9. d4 e6 10. Be3 cxd4 11. cxd4 Be7 12. Nbd2 Nxe3 13. fxe3 O-O 14. Qb3 b5
15. Rac1 Rc8 16. Ne4 Qd5 17. Qxd5 cxd5 18. Nc5 Bxc5 19. dxc5 Bxf3 20. Rxf3 Rc6
21. b4 Rfc8 22. Kf2 a5 23. a3 axb4 24. axb4 Ra8 25. Kg3 Ra4 26. Rf4 g5 27. Rg4
h6 28. e4 dxe4 29. Rxe4 Kg7 30. Rd4 h5 31. Rb1 Rxc5 32. bxc5 Rxd4 33. Rxb5 Rd5
34. h4 Rxe5 35. hxg5 Rxg5+ 36. Kh4 Rd5 37. g4 hxg4 38. Kxg4 Kg6 39. Kf4 f5 40.
Rb6 Kf6 41. c6 Rc5 42. Ke3 Ke5 43. Ra6 Kd5 44. Kf4 Rxc6 45. Ra5+ Kd6 46. Ra4
Rc5 47. Ra8 Rc4+ 48. Ke3 Ke5 49. Rd8 Rc3+ 50. Kd2 Ra3 51. Rh8 f4 52. Rh5+ Ke4
53. Rb5 e5 54. Rb4+ Kf5 55. Ke2 e4 56. Rb5+ Kg4 57. Kf2 f3 58. Rb4 Kf4 59. Rb1
Ra2+ 60. Kf1 e3 61. Re1 e2+ 62. Kf2 Ra8 63. Rh1 Rg8 64. Rh4+ Rg4 65. Rh8 Rg2+
66. Ke1 Rg1+ 67. Kd2 e1=Q+ 68. Kd3 Qe2+ 69. Kc3 Rc1+ 70. Kb3 Qd3+ 71. Kb2 Qc3+
72. Ka2 Qxh8 73. Kb3 Qb8+ 74. Ka2 Rc7 75. Ka1 Ra7# 0-1

[Event "Open Nuevo Centro. Jornada 3"]
[Site "Chess.com"]
[Date "2020.07.03"]
[Round "9"]
[White "Silva Rodriguez, Fernando"
[Black "Remolar Gallen, Jose"
[Result "0-1"]
[WhiteElo "2446"]
[BlackElo "2350"]
[PlyCount "96"]
[EventDate "2020.??.??"]
1. d4 d6 2. Nc3 Nf6 3. Bg5 Nbd7 4. Qd2 c5 5. e3 g6 6. O-O-O b6 7. h4 h6 8. Bf4
Bg7 9. f3 Bb7 10. g4 a6 11. Bg2 b5 12. h5 g5 13. Bg3 Qa5 14. Kb1 b4 15. Nce2 c4
16. e4 Rc8 17. c3 b3 18. a3 Nb6 19. Nh3 Na4 20. Nf2 Nd7 21. f4 Ndb6 22. fxg5
hxg5 23. Nh3 Bh6 24. Rhf1 Rc7 25. Nf2 O-O 26. Nh1 Bc8 27. Bh3 Rb7 28. Rf3 Bd7
29. Rdf1 Nxb2 30. Qxb2 Na4 31. Qa1 b2 32. Qa2 Rb3 33. Be1 Bc6 34. Nhg3 e6 35.
d5 Bxd5 36. exd5 Qxd5 37. Nd4 e5 38. Ngf5 Qe4+ 39. Nc2 Kh7 40. R1f2 Rfb8 41.
Re3 Qd5 42. Rd2 Qh1 43. Rxd6 Bf8 44. Rf6 Nxc3+ 45. Rxc3 Rxc3 46. Rxf7+ Kg8 47.
Rd7 Qxe1+ 48. Nxe1 Rc1# 0-1

[Event "Open Nuevo Centro. Jornada 3"]
[Site "Chess.com"]
[Date "2020.07.03"]
[Round "9"]
[White "Haoyou, Deng"
[Black "Zamora Soler, Raul"
[Result "1-0"]
[WhiteElo "1820"]
[BlackElo "1773"]
[PlyCount "127"]
[EventDate "2020.??.??"]
1. d4 d5 2. c4 e6 3. Nf3 Nf6 4. Nc3 Be7 5. Bf4 O-O 6. e3 c6 7. cxd5 exd5 8. Bd3
Bg4 9. h3 Bxf3 10. Qxf3 Bb4 11. O-O Bxc3 12. bxc3 Re8 13. Rfc1 Ne4 14. Rab1 b5
15. Ra1 g6 16. a4 Nd2 17. Qd1 Nc4 18. axb5 cxb5 19. Qb3 a6 20. Kh2 Nd7 21. Qb4
Ndb6 22. Bg3 Qe7 23. Qxe7 Rxe7 24. Ra2 Na4 25. Be2 f5 26. Bf3 Rd7 27. Bf4 Kf7
28. g4 Rc8 29. gxf5 gxf5 30. Rg1 Nxc3 31. Rxa6 Ne4 32. Bh5+ Ke7 33. Rh6 Kd8 34.
Rg8+ Ke7 35. Rxh7+ Ke6 36. Rg6+ Nf6 37. Rxd7 Kxd7 38. Rxf6 Rh8 39. Rxf5 Kc6 40.
Bg4 b4 41. Rf6+ Kb5 42. Rf5 Nb6 43. Be5 Rd8 44. Be2+ Ka5 45. Bc7 Rc8 46. Bxb6+
Kxb6 47. Rxd5 Rb8 48. Rb5+ Kc7 49. Rxb8 Kxb8 50. h4 Kc7 51. h5 Kd6 52. h6 b3
53. Bd3 b2 54. h7 Kd5 55. Bb1 Kc4 56. h8=Q Kc3 57. Qh7 Kd2 58. Qc2+ Ke1 59.
Qxb2 Kf1 60. d5 Ke1 61. d6 Kf1 62. d7 Ke1 63. d8=Q Kf1 64. Qd1# 1-0

[Event "Open Nuevo Centro. Jornada 3"]
[Site "Chess.com"]
[Date "2020.07.03"]
[Round "9"]
[White "Mar�n Corresa, Arturo"
[Black "Saiz Sapena, Veronica"
[Result "1-0"]
[WhiteElo "2174"]
[BlackElo "1523"]
[PlyCount "129"]
[EventDate "2020.??.??"]
1. d4 d5 2. c4 c6 3. Nf3 Nf6 4. g3 Bg4 5. Bg2 e6 6. Nbd2 h6 7. O-O Bd6 8. b3 a6
9. Bb2 b5 10. Ne5 Bxe5 11. dxe5 Nfd7 12. f4 O-O 13. h3 Bf5 14. e4 dxe4 15. Nxe4
Bxe4 16. Bxe4 Nc5 17. Qc2 Nxe4 18. Qxe4 Qc7 19. Rac1 Nd7 20. c5 Rad8 21. Rfd1
Nb8 22. Rd6 Qa5 23. a3 Rxd6 24. exd6 Qd2 25. Rc2 Qd1+ 26. Kg2 Rc8 27. Re2 Nd7
28. b4 Qd5 29. Kf3 Qb3+ 30. Kf2 Qd5 31. Qe3 Qh5 32. Kg2 Qd5+ 33. Kh2 Re8 34.
Qc3 f6 35. Rd2 Qf5 36. Qb3 h5 37. h4 g5 38. fxg5 fxg5 39. Qc3 e5 40. Qb3+ Kg7
41. hxg5 Qxg5 42. Rf2 Rf8 43. Re2 Rf5 44. Qe6 Rf7 45. Bxe5+ Nxe5 46. Qxe5+ Qxe5
47. Rxe5 Rf2+ 48. Kh3 Rf1 49. Re7+ Kf6 50. Rc7 Kg5 51. Rxc6 Rh1+ 52. Kg2 Ra1
53. Rxa6 Kg4 54. d7 Ra2+ 55. Kf1 Kf3 56. Rf6+ Kxg3 57. d8=Q Ra1+ 58. Ke2 Ra2+
59. Kd1 Ra1+ 60. Kc2 Rxa3 61. Qg8+ Kh4 62. Rf4+ Kh3 63. Qg5 Kh2 64. Rh4+ Rh3
65. Qf4+ 1-0

[Event "Open Nuevo Centro. Jornada 3"]
[Site "Chess.com"]
[Date "2020.07.03"]
[Round "9"]
[White "G�mez Alonso, �scar"
[Black "Roca Cruz, Rafael"
[Result "0-1"]
[WhiteElo "1780"]
[BlackElo "1849"]
[PlyCount "136"]
[EventDate "2020.??.??"]
1. d4 b5 2. e3 Bb7 3. Nf3 a6 4. Be2 e6 5. O-O Nf6 6. b3 Be7 7. Bb2 O-O 8. Nbd2
d6 9. c4 bxc4 10. Bxc4 Nbd7 11. Bd3 c5 12. dxc5 Nxc5 13. Be2 Rc8 14. Rc1 Nce4
15. Nxe4 Nxe4 16. Rxc8 Qxc8 17. Bd3 Bf6 18. Bxf6 Nxf6 19. Qe2 Qa8 20. Rc1 Rc8
21. Rxc8+ Qxc8 22. h3 Nd5 23. Qd2 Qc3 24. Qxc3 Nxc3 25. a4 e5 26. Nd2 d5 27.
Bc2 Na2 28. Kf1 Nb4 29. Bd1 Nd3 30. Ke2 Nc5 31. b4 Ne6 32. Bb3 Kf8 33. Kd3 Ke7
34. Kc3 Kd6 35. Nf3 d4+ 36. exd4 exd4+ 37. Nxd4 Nxd4 38. Kxd4 Bxg2 39. Bc4 a5
40. b5 Bxh3 41. Bxf7 Bg4 42. Bd5 Bc8 43. b6 Ba6 44. f3 h5 45. Be4 g5 46. Ke3
Bc4 47. Ba8 Bb3 48. Be4 Bxa4 49. Bg6 h4 50. Be4 Bd7 51. Kd4 a4 52. Kc3 h3 53.
Kb4 Bc6 54. b7 Bxb7 55. Bxb7 Ke5 56. f4+ Kxf4 57. Kxa4 Kg3 58. Kb3 g4 59. Kc3
Kf2 60. Kd2 g3 61. Kd3 g2 62. Kd2 g1=Q 63. Kc3 h2 64. Kc4 Qc1+ 65. Kb5 Qb2+ 66.
Ka6 Qxb7+ 67. Kxb7 h1=Q+ 68. Kb6 Qc1 0-1